Guess the Fusion Rock Song Lyrics #240 - Statistics

General Stats
  • This quiz has been taken 12 times
  • The average score is 173 of 281
Answer Stats
Answer % Correct
a
90%
I
90%
is
90%
my
90%
the
90%
to
90%
what
90%
What
90%
all
80%
and
80%
And
80%
can
80%
do
80%
dont
80%
her
80%
in
80%
knows
80%
like
80%
me
80%
no
80%
not
80%
on
80%
she
80%
She
80%
take
80%
that
80%
want
80%
find
70%
for
70%
got
70%
how
70%
I'm
70%
just
70%
of
70%
oh
70%
Oh
70%
out
70%
with
70%
about
60%
always
60%
Always
60%
can't
60%
ever
60%
from
60%
hard
60%
lady
60%
never
60%
place
60%
say
60%
she's
60%
She's
60%
Tom Jones
60%
way
60%
Well
60%
would
60%
Yeah
60%
yeah
60%
I'd
50%
leave
50%
mine
50%
own
50%
style
50%
that's
50%
asks
40%
dinner
40%
easy
40%
Help
40%
little
40%
live
40%
lose
40%
much
40%
Ooh
40%
ooh
40%
please
40%
Talkin
40%
through
40%
Whoa
40%
whoa
40%
without
40%
you'd
40%
alone
30%
dish
30%
grace
30%
Hey
30%
hey
30%
kind
30%
Knowing
30%
something
30%
there's
30%
winner
30%
flaunt
20%
nice
20%
okay
20%
treat
20%
abuse
10%
blessing
10%
build
10%
clay
10%
Listen
10%
messing
10%
mountain
10%
people
10%
refuse
10%
respect
10%
very
10%
pile
0%
No matching quizzes found
Score Distribution
Percent of People with Each Score
Percentile by Number Answered
Your Score History
You have not taken this quiz